EuroBasket 2025 Teams - Statistics

General Stats
  • This quiz has been taken 45 times
  • The average score is 20 of 24
Answer Stats
Picture Answer % Correct
Greece
93%
Finland
90%
Germany
90%
Italy
90%
Latvia
88%
Serbia
88%
Slovenia
88%
Turkey
88%
France
85%
Georgia
85%
Lithuania
85%
Spain
85%
Bosnia and Herzegovina
83%
Belgium
80%
Czech Republic
80%
Great Britain
80%
Israel
80%
Montenegro
80%
Sweden
80%
Portugal
78%
Estonia
76%
Iceland
76%
Poland
68%
Cyprus
56%
No matching quizzes found
Score Distribution
Percent of People with Each Score
Percentile by Number Answered
Your Score History
You have not taken this quiz